Systém pre distribúciu multimediálneho obsahu

Gespeichert in:
Bibliographische Detailangaben
1. Verfasser: Majdán, Michal (Verfasst von)
Weitere Verfasser: Vargic, Radoslav (Betreuung Doktorarbeit)
Format: Manuskript Buch
Sprache:Slowakisch
Veröffentlicht: Bratislava : STU v Bratislave FEI, 2021
Schlagworte:
Online-Zugang:https://opac.crzp.sk/?fn=detailBiblioForm&sid=2DF2AC71C78DA39E9FF0B1873752&seo=CRZP-detail-kniha
Tags: Tag hinzufügen
Keine Tags, Fügen Sie das erste Tag hinzu!

MARC

LEADER 00000ntm a22000003a 4500
001 stuzp82666
003 SK-STU
005 20211130105535.1
007 ta
008 150427s2015----xo-----f-mn---000-0-slo-d
040 |a STU  |b slo 
041 0 |a slo 
044 |a xo 
100 1 |a Majdán, Michal  |u 037000  |4 aut  |U FEI Fakulta elektrotechniky a informatiky  |T FEI Ústav multimediálnych informačných a komunikačných technológií  |X 79651  |U E070  |Y 818  |7 79651 
242 0 1 |a Multimedia distribution system  |y eng 
245 1 0 |a Systém pre distribúciu multimediálneho obsahu 
260 |a Bratislava :  |b STU v Bratislave FEI,  |c 2021 
300 |a 58 s. 
650 4 |a CMS  |2 slo 
650 4 |a ABR  |2 slo 
650 4 |a HAS  |2 slo 
650 4 |a QoE  |2 slo 
650 4 |a CMS  |2 eng 
650 4 |a ABR  |2 eng 
650 4 |a HAS  |2 eng 
650 4 |a QoE  |2 eng 
700 1 |a Vargic, Radoslav  |u 037000  |k Z1  |4 ths  |U FEI Fakulta elektrotechniky a informatiky  |T FEI Ústav multimediálnych informačných a komunikačných technológií  |X 1918  |U E070  |Y 818  |7 A000001918 
856 4 |u https://opac.crzp.sk/?fn=detailBiblioForm&sid=2DF2AC71C78DA39E9FF0B1873752&seo=CRZP-detail-kniha